| 000 | 00666cam a2200193 a 4500 | ||
|---|---|---|---|
| 020 | _a1559634081 (cloth : acidfree paper) | ||
| 020 | _a155963409X (pbk. : acidfree paper) | ||
| 040 | _cDLC | ||
| 082 | 0 | 0 | _a333 ISL 1996 A018 Or. |
| 245 | 0 | 0 |
_aEastern old-growth forests : _bprospects for rediscovery and recovery / |
| 260 |
_aWashington, D.C. : _bIsland Press, _cc1996. |
||
| 300 |
_axvi, 383 p. : _bill., ,maps ; _c24 cm. |
||
| 650 | 0 | _aOld growth forests | |
| 650 | 0 | _aOld growth forest ecology | |
| 650 | 0 | _aOld growth forest conservation | |
| 700 | 1 | _aDavis, Mary D. | |
| 856 | 4 | 2 | _uhttp://www.loc.gov/catdir/enhancements/fy0666/96000804-d.html |
| 942 | _cEK | ||
| 999 |
_c12246 _d12246 |
||